00299nam a2200121Ia 4500100002000000490000600020654001800026245006700044260003100111082001500142300000800157546001200165 aDemyanyuk/F.S.  v1 atechnological aTechonlogical Principles of How line Automated Production bPergamon pressaNONEc1963 a658.5bDEM a522 aENGLISH